[Event "9th Leiden Open A 2015"]
[Site "Leiden NED"]
[Date "2015.07.21"]
[Round "5.15"]
[White "Kerkvliet, Max"]
[Black "Weiland, Harro"]
[Result "1-0"]
[WhiteElo "2186"]
[BlackElo "1890"]
[WhiteFideId "1025546"]
[BlackFideId "1006690"]
[EventDate "2015.07.17"]

1. d4 Nf6 2. Nf3 g6 3. c4 Bg7 4. Nc3 d6 5. g3 O-O 6. Bg2 c6 7. O-O Qa5 8. e4
Nbd7 9. h3 e5 10. Be3 exd4 11. Bxd4 Re8 12. Re1 Nc5 13. Qc2 Ne6 14. Be3 Qc7 15.
Rad1 a6 16. a4 a5 17. Qd2 Nc5 18. e5 Nce4 19. Qc2 Nxc3 20. exd6 Nxd1 21. dxc7
Nxe3 22. Rxe3 Be6 23. Qb3 Rec8 24. Qxb7 Ne8 25. Rxe6 fxe6 26. Qxc6 Nxc7 27. Ng5
Rab8 28. Qd7 1-0

[Event "9th Leiden Open A 2015"]
[Site "Leiden NED"]
[Date "2015.07.21"]
[Round "5.16"]
[White "Halfhide, Sebastian"]
[Black "Van der Elburg, Freddie"]
[Result "0-1"]
[WhiteElo "2091"]
[BlackElo "2185"]
[WhiteFideId "1045946"]
[BlackFideId "1007904"]
[EventDate "2015.07.17"]

1. e4 c5 2. Nf3 e6 3. d4 cxd4 4. Nxd4 Nc6 5. Nb5 d6 6. c4 Nf6 7. N1c3 a6 8. Na3
Be7 9. Be2 O-O 10. O-O Qc7 11. Be3 b6 12. f3 Bb7 13. Qd2 Ne5 14. Rac1 Rac8 15.
Rfd1 Rfd8 16. Kh1 Ba8 17. Bf1 Qb8 18. Qf2 Nfd7 19. h3 Ng6 20. Nab1 Bc6 21. b4
Rc7 22. Nd2 Rdc8 23. Nb3 Nge5 24. Nd2 b5 25. c5 dxc5 26. bxc5 Bb7 27. f4 Nxc5
28. fxe5 b4 29. Ncb1 Nd3 30. Bxd3 Rxc1 31. Rf1 Rxf1+ 32. Nxf1 Qxe5 33. Nbd2 Rd8
34. Bb1 Qc3 35. Bb6 Rd7 36. Qe3 Qc1 37. Kh2 h6 38. Qe2 Bd6+ 39. e5 Bb8 40. Bd3
Qc6 41. Nc4 Rxd3 42. Na5 Bxe5+ 0-1

[Event "9th Leiden Open A 2015"]
[Site "Leiden NED"]
[Date "2015.07.21"]
[Round "5.18"]
[White "Knudsen, Martin"]
[Black "Kolodkin, Daniil"]
[Result "0-1"]
[WhiteElo "2026"]
[BlackElo "2208"]
[WhiteFideId "1406523"]
[BlackFideId "1039776"]
[EventDate "2015.07.17"]

1. d4 Nf6 2. c4 g6 3. Nc3 d5 4. cxd5 Nxd5 5. Bd2 Nb6 6. e3 Bg7 7. Nf3 O-O 8. Be2
Bg4 9. O-O N8d7 10. h3 Bxf3 11. Bxf3 c6 12. Ne4 e5 13. Bb4 Re8 14. Nd6 Re6 15.
Nxb7 Qb8 16. Nc5 Nxc5 17. Bxc5 e4 18. Bg4 f5 19. Be2 Nd5 20. Qc2 f4 21. exf4
Qxf4 22. Bc4 Rd8 23. Bxa7 g5 24. Qb3 g4 25. Qg3 Qf7 26. Bc5 gxh3 27. Qxh3 Kh8
28. Rfe1 Rg8 29. Bxd5 cxd5 30. g3 Bh6 31. a4 e3 32. fxe3 Qf3 33. Kh2 Bxe3 34.
Bf8 Bf2 35. Ra3 Bxg3+ 36. Qxg3 Qh5+ 37. Qh3 Re2+ 38. Rxe2 Qxe2+ 39. Kh1 Qe1+ 40.
Kh2 Qg1# 0-1

[Event "9th Leiden Open A 2015"]
[Site "Leiden NED"]
[Date "2015.07.21"]
[Round "5.19"]
[White "Palit, Somak"]
[Black "Nguyen, Kevin"]
[Result "1-0"]
[WhiteTitle "IM"]
[WhiteElo "2360"]
[BlackElo "1986"]
[WhiteFideId "5010454"]
[BlackFideId "1046349"]
[EventDate "2015.07.17"]

1. e4 c5 2. Nf3 d6 3. Bc4 Nf6 4. d3 g6 5. c3 Nc6 6. Bb3 Bg7 7. O-O O-O 8. Re1 b5
9. h3 a5 10. a3 Ba6 11. d4 Qb6 12. d5 Nd8 13. Nbd2 c4 14. Ba2 Nd7 15. Nf1 Nc5
16. Be3 Qc7 17. Bd4 Nd3 18. Bxg7 Kxg7 19. Re2 Nb7 20. Bb1 Nbc5 21. Bxd3 Nxd3 22.
b4 Bc8 23. Ne1 axb4 24. axb4 Rxa1 25. Qxa1 f5 26. exf5 Bxf5 27. Ne3 Nf4 28. Ra2
Be4 29. Ra7 Qd8 30. Qd1 Bd3 31. Kh2 Rf7 32. g3 Ne2 33. Nxd3 cxd3 34. Kg2 Qf8 35.
f4 Nxc3 36. Qxd3 Qc8 37. Qd4+ Kg8 38. Ng4 Rg7 39. Rxe7 1-0

[Event "9th Leiden Open A 2015"]
[Site "Leiden NED"]
[Date "2015.07.23"]
[Round "6.1"]
[White "Howell, David W L"]
[Black "Postny, Evgeny"]
[Result "1/2-1/2"]
[WhiteTitle "GM"]
[BlackTitle "GM"]
[WhiteElo "2698"]
[BlackElo "2642"]
[WhiteFideId "410608"]
[BlackFideId "2804344"]
[EventDate "2015.07.17"]

1. e4 e5 2. Nf3 Nc6 3. Nc3 Nf6 4. d4 exd4 5. Nxd4 Bb4 6. Nxc6 bxc6 7. Bd3 d5 8.
exd5 cxd5 9. O-O O-O 10. h3 c6 11. Qf3 Bd6 12. Re1 Bd7 13. Bf4 Bxf4 14. Qxf4 Qb8
15. Qf3 Qd6 16. Qg3 Qxg3 17. fxg3 Rfe8 18. Na4 Rxe1+ 19. Rxe1 Re8 20. Rc1 Kf8
21. c4 dxc4 22. Bxc4 Ne4 23. g4 Re5 24. Bd3 Ng5 25. Nc5 Ke7 26. Rc3 a5 27. Kf2
Ne6 28. Na4 Nf4 29. Bf1 h5 30. gxh5 Rxh5 31. Rc5 Kd6 32. Rxh5 Nxh5 33. Ke3 Be6
34. g4 Nf6 35. a3 g5 36. Kd4 Nd7 37. Nc3 c5+ 38. Ke3 Nf6 39. Bg2 Ke5 40. Na4 Kd6
41. Nc3 Bb3 42. Bf3 Ke5 43. Bc6 Bc4 44. Bg2 Kd6 45. Kf2 Ke5 46. Ke3 Nd5+ 47.
Bxd5 Bxd5 48. Nxd5 Kxd5 49. Kd3 c4+ 50. Kc3 Kc5 51. b3 cxb3 52. Kxb3 Kb5 53. Kc3
Ka4 54. Kb2 f6 55. Ka2 Kb5 56. Kb3 a4+ 57. Kc3 Kc5 58. Kd3 Kd5 59. Kc3 Kc5 1/2-1/2

[Event "9th Leiden Open A 2015"]
[Site "Leiden NED"]
[Date "2015.07.23"]
[Round "6.2"]
[White "Das, Arghyadip"]
[Black "Nikolic, Predrag"]
[Result "1-0"]
[WhiteTitle "IM"]
[BlackTitle "GM"]
[WhiteElo "2457"]
[BlackElo "2601"]
[WhiteFideId "5003610"]
[BlackFideId "14400014"]
[EventDate "2015.07.17"]

1. e4 e6 2. d4 d5 3. Nc3 Bb4 4. Ne2 dxe4 5. a3 Bxc3+ 6. Nxc3 f5 7. f3 exf3 8.
Qxf3 Nf6 9. Bf4 O-O 10. O-O-O c6 11. Bc4 Nd5 12. Rhe1 a5 13. Bxd5 cxd5 14. Nb5
Na6 15. Bd6 Rf6 16. Bf4 Bd7 17. Nd6 Bc6 18. h4 Qe7 19. h5 Rd8 20. Qg3 h6 21. Rd3
Rd7 22. Qh2 Nc7 23. Be5 Rf8 24. Rg3 Qd8 25. Rg6 Kh7 26. Qg3 Rg8 27. Qf4 Qf8 28.
Re3 Ne8 29. Nxe8 Qxe8 30. Reg3 Qf8 31. Rxe6 Rf7 32. Rgg6 Bd7 33. Bd6 1-0

[Event "9th Leiden Open A 2015"]
[Site "Leiden NED"]
[Date "2015.07.23"]
[Round "6.3"]
[White "Tiviakov, Sergei"]
[Black "Wilschut, Peter"]
[Result "1-0"]
[WhiteTitle "GM"]
[WhiteElo "2639"]
[BlackElo "2238"]
[WhiteFideId "1008013"]
[BlackFideId "1007165"]
[EventDate "2015.07.17"]

1. e4 e6 2. d4 d5 3. Nd2 c5 4. exd5 exd5 5. Ngf3 c4 6. b3 cxb3 7. axb3 Bd6 8.
Bd3 Nc6 9. O-O Nge7 10. c3 Bf5 11. Bxf5 Nxf5 12. Re1+ Nfe7 13. Nf1 O-O 14. Ne3
Qd7 15. Qd3 Bf4 16. Ba3 Bxe3 17. Rxe3 Rfe8 18. Rae1 Ng6 19. Qf5 Re6 20. Rxe6
fxe6 21. Qxe6+ Qxe6 22. Rxe6 Nf4 23. Re3 h6 24. g3 Ng6 25. h4 Kf7 26. h5 Nf8 27.
Ne5+ Nxe5 28. Rxe5 1-0

[Event "9th Leiden Open A 2015"]
[Site "Leiden NED"]
[Date "2015.07.23"]
[Round "6.4"]
[White "Chatalbashev, Boris"]
[Black "Van der Marel, Lambertus"]
[Result "1-0"]
[WhiteTitle "GM"]
[WhiteElo "2516"]
[BlackElo "2161"]
[WhiteFideId "2900440"]
[BlackFideId "1005855"]
[EventDate "2015.07.17"]

1. d4 Nf6 2. c4 e6 3. Nc3 Bb4 4. Nf3 b6 5. Bg5 Bb7 6. e3 h6 7. Bh4 g5 8. Bg3 Ne4
9. Qc2 Bxc3+ 10. bxc3 f5 11. Bd3 d6 12. d5 Na6 13. Bxe4 fxe4 14. Qxe4 Qf6 15.
O-O Nc5 16. Qd4 Rf8 17. e4 e5 18. Qe3 Ba6 19. Nd2 Qg6 20. f3 Kd7 21. Qe2 Ke7 22.
a4 h5 23. a5 Nd7 24. Ra2 Bb7 25. Rfa1 h4 26. Bf2 Nf6 27. Nf1 Nh5 28. Ne3 Nf4 29.
Qf1 Rab8 30. axb6 axb6 31. Ra7 Qe8 32. Nf5+ Kf6 33. g3 hxg3 34. hxg3 Nh5 35. Qh3
Rh8 36. Qg4 Qg6 37. Be3 Rh7 38. Rxb7 Rxb7 39. Ra8 Nf4 40. Bxf4 exf4 41. Nxd6
cxd6 42. Qe6+ Kg7 43. Rg8+ Kh6 44. Qxg6# 1-0

[Event "9th Leiden Open A 2015"]
[Site "Leiden NED"]
[Date "2015.07.23"]
[Round "6.5"]
[White "De Jong, Jan-Willem"]
[Black "Milov, Leonid"]
[Result "1/2-1/2"]
[WhiteTitle "IM"]
[BlackTitle "GM"]
[WhiteElo "2448"]
[BlackElo "2462"]
[WhiteFideId "1008641"]
[BlackFideId "14101068"]
[EventDate "2015.07.17"]

1. d4 f5 2. g3 Nf6 3. Bg2 d6 4. d5 c6 5. c4 e5 6. dxe6 Bxe6 7. Nd2 d5 8. Nh3
dxc4 9. Qc2 Na6 10. O-O Nb4 11. Qc3 Nbd5 12. Qxc4 Qd7 13. Ng5 Bg8 14. Qd4 h6 15.
Ngf3 Nb4 16. Qe5+ Qe7 17. b3 Qxe5 18. Nxe5 Bh7 19. Ndc4 Nbd5 20. Bb2 a5 21. Nd3
a4 22. Bxf6 Nxf6 23. Nb6 Ra7 24. Nxa4 Ba3 25. Nb6 O-O 26. Nc4 Ne4 27. Nxa3 Rxa3
28. Rfc1 Rfa8 29. Bxe4 fxe4 30. Nc5 Rxa2 31. Rxa2 Rxa2 32. Nxb7 Rxe2 33. Nd6 Bg6
34. g4 e3 35. fxe3 Rxe3 1/2-1/2

[Event "9th Leiden Open A 2015"]
[Site "Leiden NED"]
[Date "2015.07.23"]
[Round "6.6"]
[White "Erwich, Frank"]
[Black "Van Overdam, Julian"]
[Result "1-0"]
[WhiteTitle "FM"]
[WhiteElo "2361"]
[BlackElo "2367"]
[WhiteFideId "1007076"]
[BlackFideId "1015303"]
[EventDate "2015.07.17"]

1. e4 c5 2. Nf3 e6 3. c4 b6 4. Nc3 Bb7 5. d4 cxd4 6. Nxd4 d6 7. Be2 Nf6 8. f3
Be7 9. O-O O-O 10. Be3 Nbd7 11. Qd2 a6 12. a4 Qc7 13. a5 bxa5 14. Nb3 Rab8 15.
Nxa5 Ba8 16. Rfc1 Nc5 17. b4 Nb7 18. Nb3 d5 19. cxd5 Bxb4 20. Qd4 Bd6 21. g3 Be5
22. Qd3 Rbc8 23. Bd4 Bxg3 24. hxg3 Qxg3+ 25. Kf1 Nh5 26. f4 Qxf4+ 27. Bf2 Qg5
28. Qe3 Qxe3 29. Bxe3 Ng3+ 30. Ke1 exd5 31. Nxd5 Rce8 32. Bf3 Nxe4 33. Nc7 Re7
34. Nxa8 Ng5 35. Kf2 Nxf3 36. Kxf3 Rxa8 37. Rxa6 Rd8 38. Nd4 Rde8 39. Bf2 h6 40.
Rg1 Kh8 41. Nf5 Re6 42. Nxg7 Rxa6 43. Nxe8 Rg6 44. Bd4+ Kh7 45. Nf6+ Kg7 46.
Nd7+ Kg8 47. Rb1 Rd6 48. Nf6+ Kf8 49. Be5 Rd3+ 50. Ke2 Ra3 51. Rxb7 Kg7 52. Nd5+
Kg6 53. Ne3 Ra4 54. Rb6+ Kg5 55. Kf3 f5 56. Bg7 Rf4+ 57. Kg3 Re4 58. Bxh6+ Kh5
59. Kf3 Re8 60. Bf4 Rh8 61. Nd5 1-0

[Event "9th Leiden Open A 2015"]
[Site "Leiden NED"]
[Date "2015.07.23"]
[Round "6.7"]
[White "Petrov, Marian"]
[Black "Overeem, Marc"]
[Result "1-0"]
[WhiteTitle "GM"]
[BlackTitle "FM"]
[WhiteElo "2487"]
[BlackElo "2216"]
[WhiteFideId "2901773"]
[BlackFideId "1004972"]
[EventDate "2015.07.17"]

1. e4 e5 2. Nf3 Nc6 3. Bc4 Nf6 4. d3 Be7 5. O-O O-O 6. Re1 d6 7. a4 Kh8 8. Nc3
Bg4 9. h3 Bh5 10. Nd5 Nxd5 11. Bxd5 Rb8 12. c3 Bxf3 13. Qxf3 Bg5 14. Be3 a5 15.
d4 exd4 16. cxd4 Nb4 17. Bb3 Qf6 18. Bxg5 Qxg5 19. Rad1 Rbe8 20. Qc3 c6 21. e5
d5 22. Qc5 Qd8 23. Re3 b6 24. Qc3 f6 25. f4 fxe5 26. fxe5 Qh4 27. Rd2 Re7 28.
Bd1 Ref7 29. Bf3 Qf4 30. Rd1 Nc2 31. Re2 Nb4 32. Bh5 g6 33. Bg4 h5 34. Bf3 Qg5
35. Rf1 Rf4 36. Qe3 Qe7 37. g3 R4f5 38. g4 Rf4 39. Bg2 Rxf1+ 40. Bxf1 Kh7 41.
gxh5 gxh5 42. Rg2 Rg8 43. Be2 Rxg2+ 44. Kxg2 c5 45. Bxh5 Qh4 46. Bg4 cxd4 47.
Qxd4 Qe1 48. Bf5+ Kg8 49. Qg4+ Kf8 50. Qf4 Qe2+ 51. Kg3 Qe1+ 52. Kg4 Qe2+ 53.
Kg5 Ke7 54. Bg4 1-0

[Event "9th Leiden Open A 2015"]
[Site "Leiden NED"]
[Date "2015.07.23"]
[Round "6.8"]
[White "Sorensen, Bent"]
[Black "Pijpers, Arthur"]
[Result "0-1"]
[WhiteTitle "FM"]
[WhiteElo "2217"]
[BlackElo "2433"]
[WhiteFideId "1400410"]
[BlackFideId "1019554"]
[EventDate "2015.07.17"]

1. Nf3 d5 2. g3 g6 3. d4 Bg7 4. Bg2 c6 5. c4 dxc4 6. Na3 b5 7. Nxb5 cxb5 8. Nd2
Bd7 9. Bxa8 Nc6 10. Bxc6 Bxc6 11. Nf3 Qd5 12. Rg1 Nf6 13. Ne5 Bb7 14. f3 O-O 15.
Be3 Rd8 16. Qd2 Nd7 17. Nxd7 Qxd7 18. Rd1 Qc7 19. Qb4 e5 20. d5 a6 21. Qc5 Qd7
22. d6 Rc8 23. Qa3 e4 24. f4 c3 25. Bc1 e3 26. Qb3 Be4 27. Bxe3 cxb2 28. Kf2
b1=Q 29. Rxb1 Bxb1 30. Rxb1 Qxd6 31. Rd1 Qe7 32. Qd5 h5 33. Rd3 h4 34. g4 Rc2
35. Qa8+ Kh7 36. Qxa6 Qe4 37. Qxb5 Qh1 38. Bd2 Qxh2+ 39. Ke3 Qg3+ 40. Ke4 Qxg4
41. Rd7 h3 42. Kd3 h2 43. Qb7 Rb2 44. Qd5 Qf5+ 0-1

[Event "9th Leiden Open A 2015"]
[Site "Leiden NED"]
[Date "2015.07.23"]
[Round "6.9"]
[White "Van Delft, Merijn"]
[Black "Kerkvliet, Max"]
[Result "1-0"]
[WhiteTitle "IM"]
[WhiteElo "2428"]
[BlackElo "2186"]
[WhiteFideId "1004670"]
[BlackFideId "1025546"]
[EventDate "2015.07.17"]

1. e4 d5 2. exd5 Qxd5 3. Nc3 Qd6 4. d4 Nf6 5. Nf3 c6 6. g3 Bg4 7. Bg2 e6 8. O-O
Be7 9. h3 Bxf3 10. Bxf3 O-O 11. Ne2 Nbd7 12. c4 Rad8 13. Qc2 e5 14. Rd1 Qc7 15.
Bg2 Bd6 16. c5 Be7 17. b4 Nd5 18. Rb1 Bf6 19. h4 Rfe8 20. a3 Nf8 21. Bf3 Ne6 22.
dxe5 Bxe5 23. Kg2 a6 24. Rb3 Ne7 25. Rbd3 Rxd3 26. Rxd3 Rd8 27. Bg4 Rxd3 28.
Qxd3 Qd8 29. Qe3 Qd5+ 30. Bf3 Nf5 31. Qe4 Qxe4 32. Bxe4 Nfd4 33. Nxd4 Bxd4 34.
Kf3 h6 35. Bf5 Kf8 36. h5 Bc3 37. Ke3 Ke7 38. Kd3 Be1 39. Be3 a5 40. Kc4 axb4
41. axb4 Kf6 42. Bh3 Ke7 43. Bf5 Kf6 44. Bh3 Ke7 45. b5 Ba5 46. Bg2 Kd7 47. Be4
Be1 48. Bf5 Ke7 49. g4 Ba5 50. Be4 Kd7 51. b6 Be1 52. Bf5 Ke7 53. Bc2 Kd7 54.
Bd3 Ba5 55. Bf1 Be1 56. Bg2 Ba5 57. f4 f6 58. Bh3 Be1 59. g5 Bh4 60. gxh6 gxh6
61. Kd3 Ke7 62. Ke4 Be1 63. Kd3 Bh4 64. Bg2 Nd8 65. Ke4 Ke6 66. Bh3+ Kf7 67. Bc8
Be1 68. Bd4 Bh4 69. Kf5 Kg7 70. Bc3 Kf7 71. Bb2 Ke7 72. Kg6 Bf2 73. Bxf6+ Ke8
74. Kxh6 Be3 75. Kg5 Nf7+ 76. Kg4 Bxc5 77. Bxb7 Bxb6 78. Bxc6+ Kf8 79. Bd5 Be3
80. Kf5 Nh6+ 81. Ke4 Bc1 82. Bd4 Bd2 83. Bb2 Bb4 84. f5 Bd6 85. f6 Bc7 86. Ba3+
Ke8 87. Bc1 Nf7 88. Kf5 Bd6 89. Kg6 Ne5+ 90. Kf5 Nf7 91. Bd2 Kf8 92. h6 Ba3 93.
Bxf7 1-0

[Event "9th Leiden Open A 2015"]
[Site "Leiden NED"]
[Date "2015.07.23"]
[Round "6.10"]
[White "Gindi, Shachar"]
[Black "Vreeburg, Jan"]
[Result "1-0"]
[WhiteTitle "FM"]
[WhiteElo "2336"]
[BlackElo "1901"]
[WhiteFideId "2804182"]
[BlackFideId "1019066"]
[EventDate "2015.07.17"]

1. e4 g6 2. d4 Bg7 3. Nc3 d6 4. Nf3 Nf6 5. Be3 O-O 6. Qd2 Nbd7 7. Bh6 e5 8.
O-O-O Qe7 9. h4 Bxh6 10. Qxh6 Ng4 11. Qd2 Nb6 12. h5 Qf6 13. d5 Bd7 14. Rh4 Qf4
15. Bb5 Qxd2+ 16. Rxd2 Nf6 17. Bxd7 Nbxd7 18. g4 Nc5 19. Re2 c6 20. Nd2 g5 21.
Rh1 h6 22. f3 cxd5 23. exd5 a6 24. Nc4 Rad8 25. b4 Na4 26. Nxa4 b5 27. Ne3 bxa4
28. c4 Kg7 29. Kc2 Rfe8 30. Rf2 e4 31. f4 Nd7 32. fxg5 Ne5 33. gxh6+ Kxh6 34.
Rf6+ Kh7 35. g5 Kg8 36. Nf5 Ng4 37. Rxd6 Ne3+ 38. Nxe3 Rxd6 39. c5 Rdd8 40. Kc3
Re5 41. Rg1 Kf8 42. Kd4 f6 43. Rf1 Rxg5 44. Rxf6+ Ke7 45. Re6+ Kf7 46. Re5 Rg1
47. c6 Rc1 48. Nc4 e3 49. c7 Rd1+ 50. Kxe3 1-0

[Event "9th Leiden Open A 2015"]
[Site "Leiden NED"]
[Date "2015.07.23"]
[Round "6.11"]
[White "Van der Elburg, Freddie"]
[Black "Visser, Henk-Jan"]
[Result "0-1"]
[WhiteElo "2185"]
[BlackElo "2272"]
[WhiteFideId "1007904"]
[BlackFideId "1010204"]
[EventDate "2015.07.17"]

1. f4 d5 2. Nf3 g6 3. g3 Bg7 4. Bg2 Nh6 5. O-O b6 6. d3 Bb7 7. Nc3 d4 8. Ne4 c5
9. Nh4 Nc6 10. f5 Ng4 11. h3 Ne3 12. Bxe3 dxe3 13. c3 Qc7 14. Qc1 Bh6 15. b4 Ne5
16. bxc5 Rc8 17. cxb6 axb6 18. c4 Nd7 19. Qe1 Bg7 20. Rb1 Be5 21. Kh2 gxf5 22.
Nxf5 Rg8 23. Qb4 Nc5 24. Qxb6 Bxe4 25. Qxc7 Bxc7 26. dxe4 e6 27. Nh6 Rxg3 28.
Kh1 Nxe4 29. Bxe4 Rxh3+ 30. Kg2 Rg3+ 31. Kh1 Rh3+ 32. Kg2 Rh2+ 33. Kf3 Rh3+ 34.
Kg2 Rxh6 35. Rh1 Rf6 36. Bf3 h6 37. c5 Ke7 38. c6 Rg6+ 39. Kh3 Rg3+ 40. Kh4 Bf4
41. Rb7+ Kf6 42. Rf1 e5 43. Bd5 Rg7 44. c7 Kf5 45. Bf3 Bg3+ 46. Kh3 Bf2 47. Rc1
f6 48. Rc4 Rg3+ 49. Kh2 Rxf3 50. Rb8 Rxc7 51. Rxc7 Rf4 52. Rg7 Bh4 53. Rb2 Ra4
54. Rgb7 Be1 55. Kg2 Rg4+ 56. Kh2 Rf4 57. Rg7 h5 58. Rb1 Bc3 59. Kg1 Ra4 60. Rb3
Bd4 61. a3 Bc5 62. Rh7 Rg4+ 63. Kh1 Rh4+ 64. Kg2 Kg6 65. Rc7 Rg4+ 66. Kh3 Bd4
67. a4 Rg1 68. Ra3 Rb1 69. a5 Rb8 70. a6 Ra8 71. Kh4 Kf5 72. Rh7 Ke4 73. Kxh5 f5
74. Kg6 f4 75. Rf7 Kd5 76. a7 Kc6 77. Kg5 Kd5 78. Kg4 Ke4 79. Rg7 Bc5 80. Ra4+
Bd4 81. Rb4 f3 82. exf3+ Kd3 83. Rb1 e2 84. Re7 Ke3 85. Rb3+ Kf2 86. Rb1 Rxa7
87. Rxa7 Bxa7 88. Kf5 Bb8 0-1

[Event "9th Leiden Open A 2015"]
[Site "Leiden NED"]
[Date "2015.07.23"]
[Round "6.12"]
[White "Polak, Alexander"]
[Black "Johansson, Gunnar"]
[Result "0-1"]
[WhiteElo "2114"]
[BlackElo "2223"]
[WhiteFideId "1039695"]
[BlackFideId "1703501"]
[EventDate "2015.07.17"]

1. e4 c5 2. Nf3 e6 3. d4 cxd4 4. Nxd4 Nc6 5. Nc3 Qc7 6. Be3 a6 7. Be2 b5 8. O-O
Bb7 9. f4 Bc5 10. Kh1 Qb6 11. Nxc6 Bxe3 12. Ne5 d6 13. Ng4 Bd4 14. Qe1 Nf6 15.
e5 Nxg4 16. Bxg4 dxe5 17. fxe5 Qc7 18. Qh4 Bxe5 19. Rae1 O-O 20. Re3 Rad8 21.
Be2 Bxc3 22. Rxc3 Qe5 23. Rh3 Qe4 24. Qxe4 Bxe4 25. Rc3 Rc8 26. Rxc8 Rxc8 27.
Rd1 Kf8 28. c3 Ke7 29. Rd4 Bc6 30. Kg1 Rd8 31. Rxd8 Kxd8 32. a4 Kc7 33. a5 Kd6
34. Kf2 f5 35. g3 g5 36. b4 Bd5 37. Bd3 h6 38. Ke3 Ke5 39. Bc2 f4+ 40. gxf4+
gxf4+ 41. Kf2 Kd6 42. Bd1 e5 43. Bg4 Bb7 44. Bd1 e4 45. Bc2 Ke5 46. Bb3 Bd5 47.
Bd1 e3+ 48. Ke2 Bc4+ 49. Ke1 Ke4 0-1

[Event "9th Leiden Open A 2015"]
[Site "Leiden NED"]
[Date "2015.07.23"]
[Round "6.13"]
[White "Dellert, Lena"]
[Black "Palit, Somak"]
[Result "0-1"]
[BlackTitle "IM"]
[WhiteElo "1835"]
[BlackElo "2360"]
[WhiteFideId "12991511"]
[BlackFideId "5010454"]
[EventDate "2015.07.17"]

1. e4 g6 2. d4 Bg7 3. Nc3 c6 4. Be3 d5 5. Qd2 dxe4 6. Nxe4 Nd7 7. Nf3 Ngf6 8.
Nxf6+ Nxf6 9. c3 O-O 10. Bd3 Ng4 11. Bf4 c5 12. Bc2 cxd4 13. cxd4 Nf6 14. O-O b6
15. Rfe1 Bb7 16. Ne5 Rc8 17. Rad1 Qd5 18. Nf3 Qxa2 19. Rxe7 Bxf3 20. gxf3 Nd5
21. Re2 Rxc2 22. Qxc2 Nxf4 23. Re3 Qd5 24. Qe4 Qg5+ 25. Kf1 Rc8 26. Rc3 Qg2+ 27.
Ke1 Qg1+ 28. Kd2 Qxf2+ 29. Kc1 Ne2+ 0-1

[Event "9th Leiden Open A 2015"]
[Site "Leiden NED"]
[Date "2015.07.23"]
[Round "6.14"]
[White "Kolodkin, Daniil"]
[Black "Van Briemen, Willem"]
[Result "1-0"]
[WhiteElo "2208"]
[BlackElo "2041"]
[WhiteFideId "1039776"]
[BlackFideId "1026445"]
[EventDate "2015.07.17"]

1. e4 e6 2. d4 d5 3. Nc3 Bb4 4. exd5 Qxd5 5. Nf3 Bd7 6. a3 Bxc3+ 7. bxc3 Bb5 8.
Bxb5+ Qxb5 9. Ne5 Nc6 10. a4 Qd5 11. Nf3 O-O-O 12. O-O e5 13. Be3 Qc4 14. Ra3 f5
15. Nd2 Qe6 16. Nb3 Qd6 17. Qc1 Nf6 18. dxe5 Nxe5 19. Nd4 Nc4 20. Rb3 Nxe3 21.
Qxe3 Ng4 22. Qh3 g6 23. Nb5 Qc5 24. Qg3 Rhe8 25. h3 Nf6 26. Nd4 Ne4 27. Qf3 c6
28. Rd1 Rd5 29. Rd3 Nxc3 30. Rbxc3 Re1+ 31. Kh2 Qd6+ 32. Qg3 f4 33. Qg4+ Kc7 34.
Nb5+ 1-0

[Event "9th Leiden Open A 2015"]
[Site "Leiden NED"]
[Date "2015.07.23"]
[Round "6.15"]
[White "Heemskerk, Wim"]
[Black "Corstjens, Rolf"]
[Result "1/2-1/2"]
[WhiteTitle "FM"]
[WhiteElo "2175"]
[BlackElo "1953"]
[WhiteFideId "1001000"]
[BlackFideId "1045687"]
[EventDate "2015.07.17"]

1. Nf3 Nf6 2. g3 e6 3. c4 d5 4. Bg2 dxc4 5. Qa4+ Bd7 6. Qxc4 Bc6 7. O-O Bd5 8.
Qc2 c5 9. Nc3 Bc6 10. d3 Nbd7 11. Bf4 Be7 12. e4 O-O 13. d4 b5 14. Rad1 Qb6 15.
d5 exd5 16. exd5 Bb7 17. d6 Bd8 18. Rfe1 a5 19. Ne5 b4 20. Nxd7 Nxd7 21. Nd5
Bxd5 22. Bxd5 Ra7 23. Qc4 Kh8 24. h4 f6 25. Be6 Qc6 26. b3 Nb6 27. Qc2 Nc8 28.
h5 a4 29. Qf5 Nb6 30. Be3 Ra5 31. h6 g6 32. Qd3 c4 33. bxc4 Rh5 34. Bd5 Nxd5 35.
cxd5 Qxd6 36. Bf4 Qd7 37. Re6 g5 38. Bd6 Rg8 39. Bxb4 Rxh6 40. Qe4 Qf7 41. g4
Rh4 42. Kg2 h5 43. Rh1 Rxh1 44. Kxh1 Qh7 45. Qxh7+ Kxh7 46. gxh5 Kh6 47. Bc3
Kxh5 48. Bxf6 Bxf6 49. Rxf6 Rd8 50. Ra6 Rxd5 51. Rxa4 Rd2 52. Kg2 g4 53. Ra8 Kh4
54. a4 Ra2 55. Kf1 g3 56. fxg3+ Kxg3 57. Ra5 Kf3 58. Ke1 Ke3 59. Kd1 Kd3 60. Kc1
Kc4 61. Kb1 1/2-1/2

[Event "9th Leiden Open A 2015"]
[Site "Leiden NED"]
[Date "2015.07.23"]
[Round "6.16"]
[White "Wallgren, Ulf"]
[Black "Van Drunick, Jan-Willem"]
[Result "1-0"]
[WhiteElo "2141"]
[BlackElo "1919"]
[WhiteFideId "1706527"]
[BlackFideId "1028650"]
[EventDate "2015.07.17"]

1. e4 e5 2. Nf3 Nc6 3. c3 Nf6 4. d4 Nxe4 5. d5 Bc5 6. dxc6 Bxf2+ 7. Ke2 bxc6 8.
Nbd2 Nxd2 9. Qxd2 Bb6 10. Qg5 Qxg5 11. Bxg5 O-O 12. Re1 d6 13. Kd2 Be6 14. a3 a5
15. Bd3 f5 16. Nxe5 dxe5 17. Rxe5 Bd5 18. Bxf5 Bxg2 19. Rhe1 Bd5 20. Be7 Rfe8
21. Kd3 Ba2 22. Bd7 Reb8 23. Bxc6 Bf2 24. Rf1 Ra6 25. Bb5 Rxb5 26. Rxb5 Kf7 1-0

[Event "9th Leiden Open A 2015"]
[Site "Leiden NED"]
[Date "2015.07.23"]
[Round "6.18"]
[White "Van Halderen, Herman"]
[Black "Happel, Henk"]
[Result "1-0"]
[BlackTitle "FM"]
[WhiteElo "2052"]
[BlackElo "2107"]
[WhiteFideId "1026682"]
[BlackFideId "1001078"]
[EventDate "2015.07.17"]

1. d4 e6 2. c4 f5 3. Nc3 Nf6 4. Nf3 d5 5. g3 c6 6. Bg2 Bd6 7. O-O O-O 8. b3 Qe7
9. Bb2 Nbd7 10. Qc2 Ne4 11. e3 Nxc3 12. Bxc3 b6 13. Rfe1 Bb7 14. Rad1 Rac8 15.
Qb2 Nf6 16. Re2 Ba6 17. Ne5 Ne4 18. Rc2 Bxe5 19. dxe5 dxc4 20. bxc4 Rfd8 21.
Rdc1 Rd7 22. Be1 Rcd8 23. Bf1 c5 24. h4 Rd1 25. Be2 Rxc1 26. Rxc1 g5 27. f3 Nxg3
28. Bxg3 gxh4 29. Bf2 Kh8 30. Kh2 Rg8 31. Qd2 h3 32. Rg1 Rxg1 33. Bxg1 Qg5 34.
Bf1 1-0

[Event "9th Leiden Open A 2015"]
[Site "Leiden NED"]
[Date "2015.07.23"]
[Round "6.20"]
[White "Weiland, Harro"]
[Black "Halfhide, Sebastian"]
[Result "0-1"]
[WhiteElo "1890"]
[BlackElo "2091"]
[WhiteFideId "1006690"]
[BlackFideId "1045946"]
[EventDate "2015.07.17"]

1. e4 e5 2. Nf3 Nc6 3. d4 exd4 4. Nxd4 Bc5 5. Be3 Qf6 6. c3 Nge7 7. Nc2 Bxe3 8.
Nxe3 d6 9. Nd2 Be6 10. Qf3 Qg6 11. Qg3 Qh6 12. h4 O-O-O 13. Be2 g6 14. Qg5 Qg7
15. Nd5 Bxd5 16. exd5 f6 0-1